Mechanical metallurgy (Record no. 25704)

000 -LEADER
fixed length control field 00503nam a22001937a 4500
001 - CONTROL NUMBER
control field 25704
003 - CONTROL NUMBER IDENTIFIER
control field BD-DhUET
008 - FIXED-LENGTH DATA ELEMENTS--GENERAL INFORMATION
fixed length control field 150516b xxu||||| |||| 00| 0 eng d
040 ## - CATALOGING SOURCE
Transcribing agency 0
Modifying agency BD-DhUET
082 ## - DEWEY DECIMAL CLASSIFICATION NUMBER
Classification number 669.94
Item number DIE/1961
100 ## - MAIN ENTRY--PERSONAL NAME
Personal name Dieter, E. George
245 ## - TITLE STATEMENT
Title Mechanical metallurgy
250 ## - EDITION STATEMENT
Edition statement 1st ed.
260 ## - PUBLICATION, DISTRIBUTION, ETC. (IMPRINT)
Place of publication, distribution, etc. London
Name of publisher, distributor, etc. McGraw-Hill
Date of publication, distribution, etc. 1961
300 ## - PHYSICAL DESCRIPTION
Extent xix, 615p.
Other physical details ill
490 ## - SERIES STATEMENT
Series statement Metallurgy and metallurgical engineering series
650 #0 - SUBJECT ADDED ENTRY--TOPICAL TERM
Topical term or geographic name as entry element Strength of materials
942 ## - ADDED ENTRY ELEMENTS (KOHA)
Koha item type General Book
Holdings
Sublocation or collection (holding branch) Source of classification or shelving scheme Location (home branch) Copy number Koha item type Price effective from Date acquired Not for loan Koha normalized classification for sorting Damaged status Koha out on loan Koha date last seen Koha issues (times borrowed) Lost status Koha date last borrowed Piece designation (barcode) Withdrawn status Koha full call number Shelving location
Central Library, BUET Central Library, BUET1General Book2015-05-162015-05-16 669_940000000000000_DIE_1961  2015-05-16   7380 669.94/DIE/1961Circulation section
Central Library, BUET Central Library, BUET2General Book2015-05-162015-05-16 669_940000000000000_DIE_1961  2015-05-16   20408 669.94/DIE/1961Circulation section
Central Library, BUET Central Library, BUET3General Book2015-05-162015-05-16 669_940000000000000_DIE_1961  2015-05-16   11400 669.94/DIE/1961Circulation section
Central Library, BUET Central Library, BUET4General Book2015-05-162015-05-16 669_940000000000000_DIE_1961  2015-05-16   31952 669.94/DIE/1961Circulation section
Central Library, BUET Central Library, BUET5General Book2015-05-192015-05-19 669_940000000000000_DIE_1961  2015-05-19   31933 669.94/DIE/1961Circulation section
Central Library, BUET Central Library, BUET6General Book2015-05-202015-05-20 669_940000000000000_DIE_1961  2024-05-262 2024-03-0454704 669.94/DIE/1961Circulation section
Central Library, BUET Central Library, BUET7General Book2015-05-212015-05-21 669_940000000000000_DIE_1961  2015-05-21   24464 669.94/DIE/1961Circulation section
Central Library, BUET Central Library, BUET8General Book2015-05-212015-05-21 669_940000000000000_DIE_1961  2018-10-061 2018-08-0820407 669.94/DIE/1961Circulation section
Central Library, BUET Central Library, BUET9General Book2015-05-232015-05-23 669_940000000000000_DIE_1961  2017-03-11   31936 669.94/DIE/1961Circulation section
Central Library, BUET Central Library, BUET10General Book2015-05-232015-05-23 669_940000000000000_DIE_1961 2025-05-142025-04-301 2025-04-3031935 669.94/DIE/1961Circulation section
Central Library, BUET Central Library, BUET11General Book2015-06-172015-06-17 669_940000000000000_DIE_1961  2015-06-17   24463 669.94/DIE/1961Reading section
Central Library, BUET Central Library, BUET12Reading Item2015-06-272015-06-27 669_940000000000000_DIE_1961  2015-06-27   36043 669.94/DIE/1961Reading section